Testimony of hope : (Record no. 127365)
[ view plain ]
| 000 -LEADER | |
|---|---|
| fixed length control field | 01414cam a22003014a 4500 |
| 001 - CONTROL NUMBER | |
| control field | 12139221 |
| 003 - CONTROL NUMBER IDENTIFIER | |
| control field | ARRUPE |
| 005 - DATE AND TIME OF LATEST TRANSACTION | |
| control field | 20180111140500.0 |
| 008 - FIXED-LENGTH DATA ELEMENTS--GENERAL INFORMATION | |
| fixed length control field | 000811s2000 mau b 000 0 eng |
| 010 ## - LIBRARY OF CONGRESS CONTROL NUMBER | |
| LC control number | 00063709 |
| 020 ## - INTERNATIONAL STANDARD BOOK NUMBER | |
| International Standard Book Number | 0819874078 |
| 040 ## - CATALOGING SOURCE | |
| Original cataloging agency | DLC |
| Transcribing agency | DLC |
| Modifying agency | DLC |
| 041 1# - LANGUAGE CODE | |
| Language code of text/sound track or separate title | eng |
| Language code of original and/or intermediate translations of text | ita |
| 042 ## - AUTHENTICATION CODE | |
| Authentication code | pcc |
| 050 00 - LIBRARY OF CONGRESS CALL NUMBER | |
| Classification number | BX1795.H69 |
| Item number | N44 2000 |
| 082 00 - DEWEY DECIMAL CLASSIFICATION NUMBER | |
| Classification number | 269/.692 |
| Edition number | 21 |
| 300 ## - PHYSICAL DESCRIPTION | |
| Dimensions | 21 cm. |
| 100 1# - MAIN ENTRY--PERSONAL NAME | |
| Personal name | Nguyễn, Phanxicô Xaviê Văn Thuận, |
| Dates associated with a name | 1928-2002. |
| 9 (RLIN) | 38416 |
| 245 10 - TITLE STATEMENT | |
| Title | Testimony of hope : |
| Remainder of title | the spiritual exercises of Pope John Paul II / |
| Statement of responsibility, etc | by Francis Xavier Nguyễn Văn Thuận ; translated by Julia Mary Darrenkamp, Anne Eileen Heffernan. |
| 260 ## - PUBLICATION, DISTRIBUTION, ETC. (IMPRINT) | |
| Place of publication, distribution, etc | Boston, MA : |
| Name of publisher, distributor, etc | Pauline Books & Media, |
| Date of publication, distribution, etc | c2000. |
| 300 ## - PHYSICAL DESCRIPTION | |
| Extent | xxii, 222 p. ; |
| 504 ## - BIBLIOGRAPHY, ETC. NOTE | |
| Bibliography, etc | Includes bibliographical references. |
| 650 #0 - SUBJECT ADDED ENTRY--TOPICAL TERM | |
| Topical term or geographic name as entry element | Hope |
| General subdivision | Religious aspects |
| -- | Catholic Church. |
| 9 (RLIN) | 38417 |
| 650 #0 - SUBJECT ADDED ENTRY--TOPICAL TERM | |
| Topical term or geographic name as entry element | Spiritual exercises. |
| 9 (RLIN) | 38418 |
| 700 1# - ADDED ENTRY--PERSONAL NAME | |
| Personal name | Darrenkamp, Julia Mary. |
| 9 (RLIN) | 38419 |
| 700 1# - ADDED ENTRY--PERSONAL NAME | |
| Personal name | Heffernan, Eileen. |
| 9 (RLIN) | 38420 |
| 906 ## - LOCAL DATA ELEMENT F, LDF (RLIN) | |
| a | 7 |
| b | cbc |
| c | orignew |
| d | 1 |
| e | ocip |
| f | 20 |
| g | y-gencatlg |
| 942 ## - ADDED ENTRY ELEMENTS (KOHA) | |
| Source of classification or shelving scheme | Library of Congress Classification |
| Koha item type | Monograph ( Printed materials) |
| Withdrawn status | Lost status | Source of classification or shelving scheme | Damaged status | Not for loan | Collection code | Home library | Current library | Shelving location | Date acquired | Total Checkouts | Full call number | Barcode | Date last seen | Price effective from | Koha item type |
|---|---|---|---|---|---|---|---|---|---|---|---|---|---|---|---|
| Library of Congress Classification | Main Collection | ARRUPE LIBRARY | ARRUPE LIBRARY | Main Collection | 11/01/2018 | BX1795.H69 N44 2000 | 46600001274 | 11/01/2018 | 11/01/2018 | Monograph ( Printed materials) |